Представление документа в формате RUSMARC

ПолеНазваниеЗначение
  Тип записи a
  Библиографический уровень a
001 Контрольный номер RU/УОНБ/EK_KRAY/320896745
005 Дата корректировки 20240214152017.1
100 Данные общей обработки __
a Данные общей обработки 20030627d2003 u u0rusy0103 ba
101 Язык документа 0_
a Язык текста rus
200 Заглавие и сведения об ответственности 1_
a Заглавие О назначении судей районных судов
e Сведения, относящиеся к заглавию указ Президента Рос. Федерации от 29.05.03 г.
210 Выходные данные 1_
d Дата издания 2003
330 Аннотация __
a Аннотация Пртюкова В.Д. - пред. Цильн. район. суда; Воронкина И.Б. - пред. Чердакл. район. суда; Баранова О.А., Копылова В.В. - судьями Заволж. район. суда; Липендину Н.Ю., Штуня А.А. - судьями Засвияж. район. суда; Гафурову С.И. - судьей Цильн. район. суда.
461 Уровень набора _0
1 2001
a Собрание законодательства Российской Федерации
463 Уровень физической единицы _0
1 2000
a N 22.
v С. 4854-4870.
1 210
d 2003
610 Ключевые слова 0_
a Ключевые слова назначения судей
610 Ключевые слова 0_
a Ключевые слова судьи
610 Ключевые слова 0_
a Ключевые слова районный суд
686 Индексы других классификаций __
a Классификационный индекс 0Б(2)
2 Код системы rubbk
801 Источник записи _0
a Страна RU
b Организация Ульяновская ОНБ
c Дата составления 20030627
g Правила каталогизации PSBO
801 Источник записи _1
a Страна RU
b Организация Ульяновская ОНБ
c Дата составления 20030627
901 Тип документа __
t Тип документа b
938 Служебная информация __
a Имя БД kraeved_work
b Имя библиотеки УОНБ
c Имя АИБС МАРК-SQL
d Номер DOC_ID в БД 40685